|
|
|
|
| LEADER |
01267nam a2200253 a 4500 |
| 001 |
GR-Patra29026 |
| 008 |
080717s2005 gr gzb 000 0 gre d |
| 040 |
|
|
|a GrPaTEI
|b gre
|c GR-PaULI
|
| 040 |
|
|
|a GrPaTEI
|b gre
|c GR-PaULI
|
| 100 |
1 |
|
|a Δημάκη, Ανθούλα
|
| 245 |
1 |
0 |
|a Διακοπτό :
|b Το παρόν και το μέλλον ενός τουριστικού προορισμού /
|c Σπουδάστρια: Δημάκη Ανθούλα ; Εισηγητής: Μπενετάτος Θεόδωρος.
|
| 260 |
|
|
|a Πάτρα :
|b ΤΕΙ Πάτρας,
|c 2005
|
| 300 |
|
|
|a 63 σ.
|
| 504 |
|
|
|a Περιλαμβάνει βιβλιογραφία.
|
| 650 |
|
4 |
|a Πτυχιακή εργασία
|y 2005
|
| 651 |
|
4 |
|a Διακοπτό
|x Τουρισμός
|
| 700 |
1 |
|
|a Μπενετάτος, Θεόδωρος
|
| 710 |
0 |
|
|a Σ.Δ.Ο..
|b Τμήμα Τουριστικών Επιχειρήσεων
|
| 710 |
0 |
|
|a ΤΕΙ Πάτρας
|
| 856 |
4 |
0 |
|u https://nereus.library.upatras.gr/formerpat/ptyxiakes/sdo/sdo_te/2001-2005/6507pe.pdf
|
| 942 |
|
|
|2 ddc
|
| 952 |
|
|
|0 0
|1 0
|2 ddc
|4 0
|7 1
|9 311432
|a LISK
|b LISK
|c BSC
|d 2021-01-17
|e 24
|f 0
|g 0.00
|l 0
|p 9241006507
|r 2021-01-17 00:00:00
|t 1
|w 2021-01-17
|y BKN
|x 20090507 0 0
|x GrPaTEI
|
| 971 |
|
|
|a .b26765986
|b 08-10-20
|c 26-09-16
|
| 999 |
|
|
|c 178826
|d 178826
|